000 003160000a22001450004500
003 MACL
040 _aMACL
090 _c32922
_d32920
100 _aRamm, Agatha
245 _aEurope in the Twentieth Century 1905-1970
260 _bLongman
650 _aHistory
942 _cBOOK
_k940/Ram
951 _o940/Ram BOOK
999 _c32585
_d32585